|
|
|
|
| LEADER |
00781nta a2200217 i 4500 |
| 001 |
dokt7104 |
| 005 |
20220401140911.0 |
| 008 |
220401s1997 hu om 0|| eng d |
| 040 |
|
|
|a SZTE Doktori Repozitórium
|b hun
|
| 041 |
|
|
|a eng
|
| 100 |
1 |
|
|a Szilvássy Judit
|
| 245 |
1 |
0 |
|a Cochlear implantation, a medical intervention utilizing electrical field stimulation
|h [elektronikus dokumentum] /
|c Szilvássy Judit
|
| 260 |
|
|
|c 1997
|
| 502 |
|
|
|a Disszertacio
|
| 650 |
|
4 |
|a klinikai orvostudományok
|
| 650 |
|
4 |
|a Orvos- és egészségtudomány
|
| 650 |
|
4 |
|a Klinikai orvostan
|
| 695 |
|
|
|a Fül-, orr-, gégészet
|
| 700 |
0 |
1 |
|a Czigner Jenő
|e ths
|
| 700 |
0 |
1 |
|a Kiss József Géza
|e ths
|
| 856 |
4 |
0 |
|u https://doktori.bibl.u-szeged.hu/id/eprint/7104/1/1997_szilvassy_judith.pdf
|z Dokumentum-elérés
|